"Identità e passione. La bussola interiore e la tempesta del ""magnetismo""" (Record n. 80284)
[ formato base ]
| 000 -LEADER | |
|---|---|
| fixed length control field | 01053nam a2200289Ia 4500 |
| 001 - CONTROL NUMBER | |
| control field | D1433 |
| 003 - CONTROL NUMBER IDENTIFIER | |
| control field | IT-RoPAU |
| 008 - FIXED-LENGTH DATA ELEMENTS--GENERAL INFORMATION | |
| fixed length control field | 130308s9999 xx 000 0 und d |
| 040 ## - CATALOGING SOURCE | |
| Original cataloging agency | IT-RoPAU |
| 040 ## - CATALOGING SOURCE | |
| Transcribing agency | IT-RoPAU |
| 041 ## - LANGUAGE CODE | |
| Language code of text/sound track or separate title | ITALIANO |
| 100 ## - MAIN ENTRY--PERSONAL NAME | |
| Personal name | Torti Maria Teresa |
| 100 ## - MAIN ENTRY--PERSONAL NAME | |
| Miscellaneous information | Codice Aut. SPICS: 43790 |
| 245 ## - TITLE STATEMENT | |
| Title | "Identità e passione. La bussola interiore e la tempesta del ""magnetismo""" |
| 245 ## - TITLE STATEMENT | |
| Remainder of title | Culture del Conflitto. Giovani metropoli Comunicazione |
| 250 ## - EDITION STATEMENT | |
| Edition statement | 1a ed. |
| 260 ## - PUBLICATION, DISTRIBUTION, ETC. (IMPRINT) | |
| Place of publication, distribution, etc. | GENOVA |
| 260 ## - PUBLICATION, DISTRIBUTION, ETC. (IMPRINT) | |
| Name of publisher, distributor, etc. | Costa & Nolan |
| 260 ## - PUBLICATION, DISTRIBUTION, ETC. (IMPRINT) | |
| Date of publication, distribution, etc. | 1995 [1° Ed.:1995 - Ed.Ling.Originale:1995] |
| 300 ## - PHYSICAL DESCRIPTION | |
| Extent | "12 p. (prefazione: no ; testo: 12 [pagine: 117-128])" |
| 500 ## - GENERAL NOTE | |
| General note | Prendiamoci la Vita. Ibrido Produzione/Consumo e L'Immaginario Attivo Manipolatorio. Palco Deve Essere Il Mondo. Identità di Navigazione. Giochi di Necessità e Giochi di Secessione. Altre Derive e Nuovi Incubi. |
| 650 ## - SUBJECT ADDED ENTRY--TOPICAL TERM | |
| Topical term or geographic name as entry element | SOCIOLOGIA DELLA COMUNICAZIONE SOCIALE |
| 650 ## - SUBJECT ADDED ENTRY--TOPICAL TERM | |
| Relator term | Codice materia Spics: 3806 |
| 942 ## - ADDED ENTRY ELEMENTS (KOHA) | |
| Koha item type | LIBRO |
| 957 ## - | |
| -- | 1 |
| 999 ## - SYSTEM CONTROL NUMBERS (KOHA) | |
| -- | 1 |
| Withdrawn status | Lost status | Damaged status | Not for loan | Home library | Current library | Date acquired | Total Checkouts | Full call number | Date last seen | Price effective from | Koha item type | Public note |
|---|---|---|---|---|---|---|---|---|---|---|---|---|
| Buone Condizioni | Not For Loan | SPICS-MEDIATECA | SPICS-MEDIATECA | 08/03/2013 | D1433 | 08/03/2013 | 08/03/2013 | LIBRO | Progressivo inserimento: 14214 / N. Volumi: 0 [=Contributo] Copie: 1 / data import: 1 marzo 2013 - By Epidotti, Trombetti, Vaglietti. |